000 00264 a2200121 4500
001 155372
040 _cEscola São Tomás de Aquino
240 1 0 _aO mundo dos animais
_lpor
245 1 0 _aO mundo dos animais
362 0 _a1985
697 _aCIÊNCIAS
942 _cBK
999 _c155372
_d155372